Southville International School and Colleges
Your cart is empty.
  • Cart
  • Lists
    Public lists Eva Luna New books Lux_list list_1
    Your lists Log in to create your own lists
  • Log in to your account
  • Your cookies
  • Search history
Southville International School and Colleges
  • Advanced search
  • Recent comments
  • Most popular
  • Libraries

Log in to your account

Log in with GOOGLE


If you do not have an external account, but do have a local account, you can still log in:

  1. Home
  2. MARC view: legal aspects of business with best legal practices
Normal view MARC view ISBD view

legal aspects of business with best legal practices (Record no. 367377)

[ view plain ]
MARC details
000 -LEADER
fixed length control field 00579nam a22001697a 4500
003 - CONTROL NUMBER IDENTIFIER
control field 0
005 - DATE AND TIME OF LATEST TRANSACTION
control field 20250405123408.0
008 - FIXED-LENGTH DATA ELEMENTS--GENERAL INFORMATION
fixed length control field 250405b xxu||||| |||| 00| 0 eng d
100 ## - MAIN ENTRY--PERSONAL NAME
Personal name Del puerto, jericho
245 ## - TITLE STATEMENT
Title legal aspects of business with best legal practices
Statement of responsibility, etc Jericho del puerto
260 ## - PUBLICATION, DISTRIBUTION, ETC. (IMPRINT)
Place of publication, distribution, etc Quezon City, Philippines.
Name of publisher, distributor, etc Central books supply, Inc
Date of publication, distribution, etc 2014
300 ## - PHYSICAL DESCRIPTION
Extent xi, 394 pages;
Dimensions 23 cm.
650 ## - SUBJECT ADDED ENTRY--TOPICAL TERM
Topical term or geographic name as entry element Business law -- Commercial law.
650 ## - SUBJECT ADDED ENTRY--TOPICAL TERM
Topical term or geographic name as entry element Corporation law -- Trade regulation.
650 ## - SUBJECT ADDED ENTRY--TOPICAL TERM
Topical term or geographic name as entry element Business enterprises—Law and legislation.
942 ## - ADDED ENTRY ELEMENTS (KOHA)
Source of classification or shelving scheme Library of Congress Classification
Koha item type Books

No items available.

legal aspects of business with best legal practices

APA

Del puerto j., . (2014). legal aspects of business with best legal practices. Quezon City, Philippines: Central books supply, Inc.

Chicago

Del puerto jericho, . 2014. legal aspects of business with best legal practices. Quezon City, Philippines: Central books supply, Inc.

Harvard

Del puerto j., . (2014). legal aspects of business with best legal practices. Quezon City, Philippines: Central books supply, Inc.

MLA

Del puerto jericho, . legal aspects of business with best legal practices. Quezon City, Philippines: Central books supply, Inc. 2014.

  • Print
  • Cite
  • Add to your cart (remove)
  • Save record
    BIBTEX Dublin Core MARCXML MARC (non-Unicode/MARC-8) MARC (Unicode/UTF-8) MARC (Unicode/UTF-8, Standard) MODS (XML) RIS
  • More searches
    Search for this title in:
    Other Libraries (WorldCat) Other Databases (Google Scholar) Online Stores (Bookfinder.com) Open Library (openlibrary.org)

Exporting to Dublin Core...

SOUTHVILLE LIBRARY

Southville International School and Colleges Library

1281 Tropical Ave. Cor. Luxembourg St., BF Homes International, Las Pinas City

Tel. No. 8256374 / 252358 Loc. 117/146

Powered by Koha